Largest Rivers - Statistics

General Stats
  • This quiz has been taken 55 times
  • The average score is 5 of 10
Answer Stats
Continent Outflow Av. Dis (m3/s) River % Correct
Americas Atlantic Ocean 209,000 Amazon
100%
Asia Bay of Bengal 38,129 Ganges
84%
Africa Atlantic Ocean 41,200 Congo
81%
Asia East China Sea 30,166 Yangtze
76%
Americas Atlantic Ocean 36,000 Orinoco
49%
Americas Amazon River 28,400 Negro
32%
Asia Kara Sea 19,600 Yenisei
30%
Americas Atlantic Ocean 22,000 Rio de la Plata
24%
Americas Amazon River 31,200 Madeira
16%
Asia Padma Sea 19,300 Brahmaputra
11%
No matching quizzes found
Score Distribution
Percent of People with Each Score
Percentile by Number Answered
Your Score History
You have not taken this quiz